Представление документа в формате RUSMARC

ПолеНазваниеЗначение
  Тип записи a
  Библиографический уровень a
001 Контрольный номер RU/УОНБ/EK_Kray/343826297
005 Дата корректировки 20220304200116.0
100 Данные общей обработки __
a Данные общей обработки 20101123d2010 ||| 0rusy0189 ca
101 Язык документа 0_
a Язык текста rus
102 Страна публикации __
a Страна публикации RU
105 Кодированные данные (монография) __
a Кодированные данные (монография) y###||||000|y
200 Заглавие и сведения об ответственности 1_
a Заглавие Главное - всё время размышлять
e Сведения, относящиеся к заглавию один из вечеров с "нескромным" актёром
e Сведения, относящиеся к заглавию беседа с актёром С. Любшиным
f Первые сведения об ответственности Станислав Любшин
g Последующие сведения об ответственности записала Татьяна Альфонская
215 Физическое описание __
c Иллюстрации/тип воспроизводства 1 портр.
225 Серия 1_
a Серия Подмостки
330 Аннотация __
a Аннотация Актёр сыграл в спектакле "Обрыв" МХТ им. Чехова на фестивале "Герои Гончарова на современной сцене".
461 Уровень набора _0
1 2000
a Времена.ru
1 011
463 Уровень физической единицы _0
1 001RU/УОНБ/EK_Kray/343825894
1 2000
a 19 нояб
v С. 6
1 210
d 2010
600 Персоналии _1
a Персоналии (Фамилия) Любшин, Станислав Андреевич
610 Ключевые слова 0_
a Ключевые слова гастроли театра; фестиваль "Герои Гончарова на современной сцене"
686 Индексы других классификаций __
a Классификационный индекс 85.33
2 Код системы rubbk
700 Автор _1
a Фамилия Любшин
b Имя (инициалы) С.
g Полное личное имя Станислав
4 Код отношения 460
702 Вторичная интеллектуальная ответственность _1
a Фамилия Альфонская
b Имя (инициалы) Т.
g Полное личное имя Татьяна
4 Код отношения 470
801 Источник записи _0
a Страна RU
b Организация Ульяновская ОНБ
c Дата составления 20101123
g Правила каталогизации RCR
801 Источник записи _1
a Страна RU
b Организация IS
c Дата составления 20101123
g Правила каталогизации RCR
901 Тип документа __
t Тип документа b
w Контрольный № источника RU/УОНБ/EK_Kray/343825894
938 Служебная информация __
a Имя БД kraeved_work
b Имя библиотеки УОНБ
c Имя АИБС МАРК-SQL
d Номер DOC_ID в БД 72127